000 00703nam a2200229 a 4500
999 _c2257
_d2257
001 2257
003 BD-JhCC
005 20171031164420.0
008 171031s2001 bg ||||| |||| 00| 0 be d
020 _a9845551564
035 _a(BD-JhCC)2257
040 _aBD-JhCC
_dBD-JhCC
041 _aben
082 _222
_a891.4409
_bISL 2001
100 _aইসলাম, রবিউল
245 _aনজরুলের নির্বাচিত প্রবন্ধ /
_cরবিউল ইসলাম
260 _aঢাকা :
_bনজরুল ইন্সটিটিউট,
_c২০০১
300 _a158 p. :
_c22cm.
650 _aBengali Literature
942 _2ddc
_cBK